Orestes /

Hlavní autor: Euripidés, asi 480 př. Kr.-406 př. Kr.
Další autoři: Biehl, Werner, 1911-1995
Jazyk: Němčina
Vydáno: Berlin : Akademie Verlag, 1965
Fyzický popis: 14, 218 s.
Knihy
Uloženo v:
LEADER 00614nam a22001932a 4500
001 000443756
003 CZ BrMZK
005 20100408131045.0
007 ta
008 990305s1965 gw f ger d
040 |a BOA001  |b cze 
100 0 |a Euripidés,  |d asi 480 př. Kr.-406 př. Kr.  |7 jn19981001000 
245 1 0 |a Orestes /  |c Euripides ; erklärt von Werner Biehl. 
260 |a Berlin :  |b Akademie Verlag,  |c 1965 
300 |a 14, 218 s. 
700 1 |a Biehl, Werner,  |d 1911-1995  |7 mzk2010568622 
910 |a BOA001  |b 2-0548.765 
990 |a BK 
996 7 |b 2619765101  |c 2-0548.765  |l HP2  |r DEN  |n 10  |w 000443756  |u 000010  |a 1  |e BOA001  |j MZK50  |s A